| 000 | 00710nam a2200205 i 4500 | ||
|---|---|---|---|
| 001 | 186021 | ||
| 003 | ES-MaACL | ||
| 005 | 20230906222551.0 | ||
| 008 | 160905s1966 sp |||| | spa d | ||
| 100 | 0 |
_aGuelluy, Robert. _960428 |
|
| 245 | 1 | 0 |
_aVida de fe y quehacer temporal : _bpor una teología de trabajo / _cRobert Guelley ; prólogo de... Mons. Garrone. |
| 260 |
_aMadrid : _bEl Perpetuo Socorro, _c[1966] |
||
| 300 |
_a167 p. ; _c22 cm. |
||
| 490 | 1 |
_aLibros de Teologia y Práctica Pastoral ; _v6 |
|
| 650 | 0 | 4 |
_aFe. _912734 |
| 700 | 1 |
_aGarrone, Gabriel Marie. _955782 |
|
| 830 | 0 |
_aLibros de Teologia y Práctica Pastoral ; _v6 _9183305 |
|
| 852 |
_aES-MaACL _jE-4368 |
||
| 999 |
_c186021 _d186021 |
||